01209cam a22003377a 4500003000500000005001700005008004100022010001000063011001000073020001800083035001000101040000900111082001400120100002600134245011500160260004500275300001100320590004100331590004100372590004100413590004100454590004200495650002800537700002700565901000700592905002600599942001000625949008500635999001700720952013400737CHAP20220329142621.0010926s2000 uk r 00010 eng d a85681 a86653 a0 85199 331 1 a97192 cCHAP04a620.8bT900aTzotzos, G.T.911575910aBiotechnology in the developing world and countries in economic transitionc/by G.T. Tzotzos and K.G. Skryabin aWallingford :bCAB International,c2000. a312 p. aBATCH-UPDb10c20130110lUCH01h0559 aBATCH-UPDb10c20130110lUCH01h2358 aBATCH-UPDb10c20130410lUCH01h0240 aBATCH-UPDb10c20130914lUCH01h0640 aCONVERSIONb10c20130109lUCH01h134814aBiotecnología.9128780 aSkryabin, K.G.9106842 aBK aAlejandra Carrasco M. cLIBRO a620.8 T9bBCcLIBROd33724000863957eLIBROh102469i97192kI.212363sit$ 829.00 c85681d85681 00102ddc4052708GRALaBCbBCcPP_GRALd2019-12-31fLIBROl0o620.8 T9p33724000863957r2019-12-31 00:00:00w2019-12-31yLIBRO